000 00444nam a2200169Ia 4500
003 0STCL
008 150530s9999 xx 000 0 und d
040 _aSTCL
_cSTCL
100 _aKaup, M.;Rosenthal, D.J
245 _aMixing Race, Mixing Culture Inter American Literary Dialogues
260 _bUniversity of Texas Press; Austin
_c2002
300 _a0
546 _aEnglish
942 _2ddc
_cBK
999 _c68293
_d68293
005 20220125171358.0